000 00261nam a2200109Ia 4500
008 220204s9999 xx 000 0 und d
082 _a159.922.2
_bHEI
100 _aHeimel, Cynthia
245 0 _aSex tips for girls
260 _aLondon
_bArrow
_c1983
942 _cBK
999 _c37510
_d37510